| 000 | 00478nam a2200169 4500 | ||
|---|---|---|---|
| 001 | 123793 | ||
| 003 | ES-MaACL | ||
| 005 | 20240606062959.0 | ||
| 007 | t| | ||
| 008 | 070214s1961 sp r ||||1| spa d | ||
| 100 | 0 |
_aQuiroga, Elena, _d1921-1995 _994768 |
|
| 245 | 1 | 0 |
_aCarta a CadaquƩs / _cElena Quiroga. |
| 260 |
_aSantander : _b[s.n.], _c1961 ( _fImp. Bedia) |
||
| 300 |
_a20 p. ; _c22 cm. |
||
| 852 |
_aES-MaACL _j2023-F-5 _bR.48032 |
||
| 999 |
_c123793 _d123793 |
||